000 00243nam a2200097Ia 4500
008 230508s2018 xx 000 0 und d
041 _aeng
100 _aGHOSE D N
245 _aMATERIALS OF CONSTRUCTION
260 _bMCGRAW HILL EDU.
_c2018
_g2014
999 _c713036
_d713036